| 000 | 00839nam a2200265 a 4500 | ||
|---|---|---|---|
| 008 | |||
| 020 | _a9781107129764 (hardback) | ||
| 040 |
_aNUST _cNUST |
||
| 049 | _aMAIN | ||
| 090 |
_aQB857.5.G7 _bDOD |
||
| 100 | 1 |
_aDodelson, Scott., _aauthor. |
|
| 245 | 1 | 0 |
_aGravitational lensing/ _c Scott Dodelson. |
| 260 |
_aCambridge : _bCambridge University Press, _c2017. |
||
| 300 |
_axii, 224 pages : _billustrations (some colour) ; _c26 cm. |
||
| 336 |
_atext _btxt _2rdacontent |
||
| 337 |
_aunmediated _bn _2rdamedia |
||
| 338 |
_avolume _bnc _2rdacarrier |
||
| 500 | _aIncludes index. | ||
| 504 | _aIncludes bibliographical references. | ||
| 650 | 1 | _aGravitational lenses. | |
| 907 |
_a.b10405586 _b17-06-21 _c17-06-21 |
||
| 003 | |||
| 005 | 20230123141206.0 | ||
| 942 |
_cBOOKS _kQB857.5.G7 _mDOD |
||
| 999 |
_c169240 _d169240 |
||